PSV squad 2019-2020 - Statistics

General Stats
  • This quiz has been taken 108 times
  • The average score is 14 of 31
Answer Stats
Position Nation Number Player % Correct
GK Netherlands 1 Jeroen Zoet
94%
LW Mexico 11 Hirving Lozano
78%
RB Netherlands 22 Denzel Dumfries
72%
LW Netherlands 9 Donyell Malen
72%
CM New Zealand 30 Ryan Thomas
71%
CAM Portugal 7 Bruma
68%
CM Mexico 15 Erick Gutierrez
68%
RW Netherlands 10 Steven Bergwijn
68%
CB Netherlands 4 Nick Viergever
67%
Coach Netherlands - Mark van Bommel
65%
LW Netherlands 19 Cody Gakpo
64%
CAM Uruguay 27 Gaston Pereiro
60%
LB France 28 Olivier Boscagli
58%
CM Netherlands 8 Jorrit Hendrix
57%
GK Germany 13 Lars Unnerstall
57%
CAM Netherlands 24 Mohammed Ihattaren
53%
CM Netherlands 18 Pablo Rosario
51%
CM Czech 32 Michal Sadilek
47%
LB Spain 3 Toni Lato
40%
CB Australia 20 Trent Sainsbury
33%
ST Netherlands 14 Sam Lammers
32%
LM Netherlands 17 Ibrahim Afellay
25%
GK Netherlands 21 Robbin Ruiter
24%
GK Netherlands 31 Yanick van Osch
22%
ST Netherlands 16 Joel Piroe
17%
CB Netherlands 23 Derrick Luckassen
14%
GK Netherlands 51 Luuk Koopmans
10%
GK Netherlands 41 Mike van de Meulenhof
10%
CAM Netherlands 25 Bart Ramselaar
8%
CM Netherlands 26 Zakaria Aboukhlal
4%
LW Belgium 29 Matthias Verreth
3%
No matching quizzes found
Score Distribution
Percent of People with Each Score
Percentile by Number Answered
Your Score History
You have not taken this quiz